Central Library OPAC University of Rajshahi

کتاب اعلام السائلين من اسماء الكتاب والمصنفين ;;ktab aelam alsaayilin min asma' alkitaab walmusanifin / (Record no. 82795)

MARC details
000 -LEADER
fixed length control field 00754nam a2200193 a 4500
001 - CONTROL NUMBER
control field 82795
003 - CONTROL NUMBER IDENTIFIER
rucl marc code BD-RjUL
005 - DATE AND TIME OF LATEST TRANSACTION
control field 20240127123104.0
008 - FIXED-LENGTH DATA ELEMENTS--GENERAL INFORMATION
fixed length control field 240127s1932 ms ||||| |||| 00| 0 ara d
035 ## - SYSTEM CONTROL NUMBER
System control number (BD-RjUL)82795
040 ## - CATALOGING SOURCE
Original cataloging agency BD-RjUL
Language of cataloging eng
Transcribing agency BD-RjUL
041 ## - LANGUAGE CODE
Language code of text/sound track or separate title eng
082 ## - DEWEY DECIMAL CLASSIFICATION NUMBER
Edition number 21
Classification number 016.8927
Author mark and year SUK 1932
100 10 - MAIN ENTRY--PERSONAL NAME
Personal name السورتي, محمدبن غلام رسول ;; Surati, Muhammad bin Ghulam Rasul
9 (RLIN) 11149
245 ## - TITLE STATEMENT
Title کتاب اعلام السائلين من اسماء الكتاب والمصنفين ;;ktab aelam alsaayilin min asma' alkitaab walmusanifin /
Statement of responsibility, etc. محمدبن غلام رسول السورتي = Muhammed bin Gulam Rasul Surtts
260 ## - PUBLICATION, DISTRIBUTION, ETC. (IMPRINT)
Place of publication, distribution, etc. Misr:
Name of publisher, distributor, etc. Tijarul Kitab,
Date of publication, distribution, etc. 1932
300 ## - PHYSICAL DESCRIPTION
Pagination 142 p. ;
Size 24 cm
942 ## - ADDED ENTRY ELEMENTS (KOHA)
Source of classification or shelving scheme Dewey Decimal Classification
Koha item type Books
Holdings
Lost status Source of classification or shelving scheme Damaged status Not for loan Collection code Permanent Location Current Location Shelving location Date acquired Total Checkouts Full call number Date last seen Copy number Koha item type
  Dewey Decimal Classification   Not For Loan Non-fiction Central Library, University of Rajshahi Central Library, University of Rajshahi Reading Room 27/01/2024   016.8927 SUK 1932 27/01/2024 C-1 Books